Statistics for Five Countries with the Strongest Passports by Continent

Click here to take the quiz!

General Stats

  • This quiz has been taken 571 times
    (65 since last reset)
  • The average score is 22 of 30

Answer Stats

Continent VFS Country % Correct
North America155United States
98%
Europe157Finland, 4 others
98%
North America153Canada
98%
Oceania151Australia
97%
Africa91South Africa
97%
Asia154Japan
95%
South America140Chile
95%
South America141Brazil
95%
North America127Mexico
93%
Europe156Italy, 4 others
93%
South America142Argentina
93%
Oceania153New Zealand
93%
Europe158Germany
90%
Asia155Singapore
90%
Europe158Sweden
87%
Asia156South Korea
85%
South America129Uruguay
85%
Europe155Austria, 2 others
75%
South America122Venezuela
74%
North America130Bahamas
67%
Oceania111Samoa
61%
Oceania108Tonga
59%
Asia151Malaysia
54%
North America132Barbados
52%
Africa68Botswana
51%
Oceania112Vanuatu
49%
Africa68Lesotho
44%
Africa66Eswatini
44%
Asia147Cyprus
16%
Africa67Malawi
8%

Score Distribution

Percentile by Number Answered

Percent of People with Each Score

Your Score History

You have not taken this quiz since the last reset